Circuits, instruments materials Vol. 2 / (Record no. 180763)

000 -LEADER
fixed length control field 01008 a2200169 4500
003 - CONTROL NUMBER IDENTIFIER
control field Nust
005 - DATE AND TIME OF LATEST TRANSACTION
control field 20221031105336.0
040 ## - CATALOGING SOURCE
Transcribing agency Nust
082 ## - DEWEY DECIMAL CLASSIFICATION NUMBER
Classification number 621.3192,DOV
100 ## - MAIN ENTRY--PERSONAL NAME
Personal name Dover, A. T.
9 (RLIN) 41356
245 ## - TITLE STATEMENT
Title Circuits, instruments materials Vol. 2 /
Statement of responsibility, etc. A.T. Dover , F.T Champan & Harley Carter
260 ## - PUBLICATION, DISTRIBUTION, ETC.
Place of publication, distribution, etc. Longmans, green and company
Name of publisher, distributor, etc. Her majesty's
Date of publication, distribution, etc. 1956
300 ## - PHYSICAL DESCRIPTION
Extent ix,489 p
505 ## - FORMATTED CONTENTS NOTE
Formatted contents note Introduction (Page-1), Direct Current Theory(Page-10), Single Phase Alternating Current (Page-39), Three Phase Circuits (Page-72), Laboratory Instruments and Methods of Measurements (Page-105), Commercial Measuring Instruments (Page-151), Conducting Materials (Page-202), Insulators and Insulating Materials (Page-214), The Magnetic Field (Page-233), Magnetization and Hysteresis (Page-268), Magnetic Measurements (Page-295), Magnetic Properties of Mitral (Page-324), The Electric Field (Page-339), The Electron and Electron Tubes (Page-357),
650 ## - SUBJECT ADDED ENTRY--TOPICAL TERM
Topical term or geographic name entry element Instruments materials
9 (RLIN) 101857
942 ## - ADDED ENTRY ELEMENTS (KOHA)
Source of classification or shelving scheme
Koha item type Book
Holdings
Withdrawn status Lost status Source of classification or shelving scheme Damaged status Not for loan Permanent Location Current Location Shelving location Date acquired Full call number Barcode Date last seen Price effective from Koha item type Public note
          Military College of Signals (MCS) Military College of Signals (MCS) General Stacks 12/12/2016 621.3192,DOV MCS5893 12/08/2016 12/12/2016 Book Almirah No.29, Shelf No.4
© 2023 Central Library, National University of Sciences and Technology. All Rights Reserved.